| 000 | 00954nam a2200289Ia 4500 | ||
|---|---|---|---|
| 003 | OSt | ||
| 005 | 20221006141218.0 | ||
| 006 | a|||||r|||| 00| 0 | ||
| 007 | ta | ||
| 008 | 221006b |||||||| |||| 00| 0 chi d | ||
| 024 | _a1,541 | ||
| 037 | _cDissertations | ||
| 040 |
_aEASL _cEASL _bchi |
||
| 041 |
_2chi _achi |
||
| 082 | _a0000077, PRI | ||
| 100 |
_aPriyadarshini Vandana _9644910 |
||
| 110 |
_aDelhi University. Social Sciences. Chinese & Japanese Studies _9644911 |
||
| 245 | 0 | _aComparative study of some aspects of the societies of ethnic Tibetans of Ladakh and western Tibet V.C. Bhutani | |
| 260 | _c1993 | ||
| 300 |
_a74p. _ccm. |
||
| 490 | _v Dis | ||
| 500 | _aBoth Acc. Nos. are of same dissertation | ||
| 650 |
_aDiss _9644912 |
||
| 700 |
_aDelhi University. Social Sciences. Chinese & Japanese Studies _9644913 |
||
| 942 |
_h0000077, PRI _cDIS _2CC |
||
| 999 |
_c1069627 _d1069627 |
||